000 00678cam a2200241 4500500
005 20260405002228.0
041 _afre
042 _adc
100 1 0 _aEltchaninoff, Michel
_eauthor
245 0 0 _aQu’est-ce que la philosophie ?
260 _c2016.
500 _a43
690 _aFolie
690 _aMarcel Conche
690 _aMaurice Merleau-Ponty
690 _aphilo
690 _aphilosophie
690 _aPlaton
690 _aSagesse
690 _aSocrate
786 0 _nPhilosophie magazine | 100 | 6 | 2016-06-01 | p. 44-44 | 1951-1787
856 4 1 _uhttps://shs.cairn.info/magazine-philosophie-magazine-2016-6-page-44?lang=fr&redirect-ssocas=7080
999 _c2055615
_d2055615